1044 1348 1154 1163 1596 1973 1398 1785 1140 1446 1889 1816 1156 1864 1740 1955 1787 1249 1069 1790 1289 1594 1303 1851 1245 1935 1306 1916 1810 1623 1883 1333 1881 1611 1996 1616 1163 1972 1588 1910 1119 1967 1595 1888 1662 1955 1088 1214 1870 1919 1226 1149 1744 1857 1944 1163 1611 1488 1011 1611 1887 1218 1853 1944 1257 1589 1396 1874 1860 1470 1496 1867 1764 1313 1731 1449 1490 1592 1098 1066 1397 1840 1393 1933 1443 1055 1036 1045 1277 1576 1283 1624 1692 1116 1751 1147 1837 1940 1701 BCNSPRNW ULIB Ver.6.0+V

เปลี่ยนเป็นภาษาไทย

Change to English
 แสดงรายละเอียดบรรณานุกรม
  กลับหน้าหลัก

Brief Record : Get Marc (ISO 2709) : E-mail record : QR code < ปิดหน้าต่าง
LEADER : 00000nam 2200000uu 4500
001    13399123283
003     ULIB
008    140814s2010||||th 000 0 eng d
020    ^a9780323056625
060 04 ^aWY100^bH434
245 00 ^aHealth promotion throughout the life span /^c[edited by] Carole Lium Edelman, Carol Lynn Mandle
250    ^a7th ed.
260    ^aSt. Louis, Mo. :^bMosby,^cc2010
300    ^axix, 697 p. :^bill. (some col.) ;^c28 cm.
504    ^aIncludes bibliographical references and index
650  0 ^aHealth promotion
650  0 ^aNursing
650  0 ^aMedicine, Preventive
650  2 ^aNursing Care
650  2 ^aHealth Promotion
700 1  ^aEdelman, Carole
700 1  ^aMandle, Carol Lynn
730 0  ^aHealth promotion throughout the lifespan.^s7th ed.
945    ^p0^l0^i027430
999    ^aเกษร โพธิ์สุวรรณ
รายการนี้ยังไม่มีแท็ก
คุณยังไม่ได้ล็อกอิน คุณสามารถมีกิจกรรมร่วมกับเว็บไซต์ได้ แต่ต้องล็อกอินก่อน ::
  ล็อกอิน

รายการสื่อสารสนเทศ

ลำดับที่ ประเภท เลขเรียก/บาร์โค้ด สถานที่ สถานะ
1. Book การพยาบาล
Book การพยาบาล
WY100 H434 ฉ.1 
  Barcode: 027430
ห้องสมุดวิทยาเขตสวรรค์ประชารักษ์
►หนังสือทั่วไป
บนชั้น

รายการใกล้เคียง
    หัวเรื่อง [Health promotion]
    หัวเรื่อง [Nursing]
    หัวเรื่อง [Medicine, Preventive]
    หัวเรื่อง [Nursing Care]
    หัวเรื่อง [Health Promotion]

BibComment


ยังไม่เคยถูกคอมเมนท์

คอมเมนท์ทรัพยากรรายการนี้
  คอมเมนท์: Health promotion..


 Copyright 2026. Bcnsprnw @Library